Test na Kujawiaka - Statystyki

Ogólne statystyki
  • Ten quiz został rozwiązany 9 razy
  • Średni wynik to 10 z 13
Statystyki odpowiedzi
Hint Odpowiedź % Poprawnych
Jakie jest największe Miasto? Bydgoszcz
100%
Jakie jest najludniejsze Miasto? Bydgoszcz
100%
W jakim mieście jest główny Urząd? Bydgoszcz
100%
W jakim mieście Mieszkał Mikołaj Kopernik? Toruń
100%
Ile Stolic mają Kujawy? 2
86%
Z iloma Województwami graniczy Kujawsko-Pomorskie? 5
86%
Gdy Polska ogłosiła niepodległość w 1918, to czy kujawy znalazły się od razu w jej terytorium? Tak
86%
Jaka jest najdłuższa rzeka płynąca przez Kujawy? Wisła
86%
Jakie jest Najbogatsze Miasto? Włocławek
86%
Jaka jest najdłuższa rzeka przewływająca przez Bydgoszcz [Oprócz Wisły] Brda
57%
Jakie jest największe jezioro na Kujawach? Gopło
43%
Jakie jest najpopularniejsze danie regionalne? Czarnina
14%
Z czego słynie Inowrocław? Z Uzdrowiska
14%
Nie znaleziono quizów pasujących do podanych kryteriów
Rozkład punktacji
Procent ludzi z każdym wynikiem
Percentyl według liczby udzielonych odpowiedzi
Twoja historia wyników
Nie rozwiązałeś tego quizu